Music Quiz

Random Music or Numbers Quiz
Score 0/11 Timer 04:00
3 Plays Today
Track Name % Correct
3Live Forever
87.7%
6Supersonic
83.3%
1Rock 'n' Roll Star
81%
8Cigarettes & Alcohol
76%
2Shakermaker
74.7%
5Columbia
70.7%
11Married with Children
69.7%
10Slide Away
69.2%
9Digsy's Dinner
68.8%
4Up in the Sky
58.7%
7Bring It On Down
53.3%
Remove Ads.
Support Sporcle.
Get the best of Sporcle when you Go Orange. This ad-free experience offers more features, more stats, and more fun while also helping to support Sporcle. Thank you for becoming a member.

You're not logged in!

Compare scores with friends on all Sporcle quizzes.
OR
Log In

Show Comments

Extras

Top Quizzes Today


Score Distribution

Your Account Isn't Verified!

In order to create a playlist on Sporcle, you need to verify the email address you used during registration. Go to your Sporcle Settings to finish the process.

Report this User

Report this user for behavior that violates our Community Guidelines.

Details: